01215nam a22003617a 4500003000400000005001700004008004100021040002200062082001800084100002900102245007000131260002900201300001900230366000800249490002500257505001900282505001300301505001600314505002000330505001800350505001700368505001700385505007600402505003800478505001700516650004100533650004400574650005500618650004800673650004300721650004500764651004400809OSt20230518125752.0221006b |||||||| |||| 00| 0 eng d cBiblioteca Lado V a701.18bA658t aAraeen, Rasheedeeditora aThird Text/bCritical Perspectives on Contemporary Art & Culture/ bRoutledgec2004aLondres c19x25cma320p. espa a4v69v18x0952-8822 aHenry A Giroux aGene Ray aLaura J Kuo aTimothy P Brown aDuncan Forbes aXiaoping Lin aDeborah Cain aReviewsgJuliet Steyn Marie-Therese Abdel-Messih Sherman Mern Tat Sam aReviewsgAndrew Budge Wendy Shaw aContributors 2Tesauro de Arte & ArquitecturaaARTE 2Tesauro de Arte & ArquitecturaaCRITICA 2Tesauro de Arte & ArquitecturaaARTE CONTEMPORANEO 2Tesauro de Arte & ArquitecturaaAPRECIACION 2Tesauro de Arte & ArquitecturaaTEORIA 2Tesauro de Arte & ArquitecturaaANALISIS 2Tesauro de Arte & ArquitecturaaLONDRES